| 000 | 00484nam a22001697a 4500 | ||
|---|---|---|---|
| 003 | OSt | ||
| 082 |
_a627.52 _bSAR/TE |
||
| 088 | _aP 516 | ||
| 100 |
_aSaranya A _94939 |
||
| 100 |
_aSusan Sunny _94940 |
||
| 100 |
_aVishnupriya M _94941 |
||
| 245 | _aTesting and evaluation of tractor drawn semi -automatc Rhizome planter | ||
| 260 |
_aTavanur _bDepartment of farm machinery and power engineering _c2021 |
||
| 300 | _a39 P | ||
| 700 |
_aSanchu Sukumaran (Guide) _94968 |
||
| 942 | _cPR | ||
| 999 |
_c17394 _d17394 |
||